000 00739nam a2200277Ia 4500
003 OSt
005 20221006144337.0
006 a|||||r|||| 00| 0
007 ta
008 221006b |||||||| |||| 00| 0 eng d
020 _c6.00
024 _a11,464
037 _cTextual
040 _aEASL
_cEASL
_beng
041 _2eng
_aeng
082 _aU11.49B, K2
100 _aHIROSHI Nakamura
_9651696
245 0 _aEast Asia in old Maps
260 _aTokyo
_bCentre for East Asian Cultural Studies
_c1962
300 _a175p.
_ccm.
490 _v Gen
650 _a Gen
650 _aMaps of East asia in the Marco polo age
_9651697
942 _hU11.49B, K2
_cTEXL
_2CC
999 _c1079550
_d1079550